The dark forest / (Record no. 381273)
[ view plain ]
| 000 -LEADER | |
|---|---|
| fixed length control field | 01723nam a2200481 i 4500 |
| 001 - CONTROL NUMBER | |
| control field | 3326323 |
| 005 - DATE AND TIME OF LATEST TRANSACTION | |
| control field | 20230215155014.0 |
| 008 - FIXED-LENGTH DATA ELEMENTS--GENERAL INFORMATION | |
| fixed length control field | 160810s2016 nyu 000 1 eng d |
| 020 ## - INTERNATIONAL STANDARD BOOK NUMBER | |
| International Standard Book Number | 9780765386694 : |
| Terms of availability | $17.99 |
| 020 ## - INTERNATIONAL STANDARD BOOK NUMBER | |
| International Standard Book Number | 0765386690 : |
| Terms of availability | $17.99 |
| 020 ## - INTERNATIONAL STANDARD BOOK NUMBER | |
| International Standard Book Number | 9780765377081 |
| 020 ## - INTERNATIONAL STANDARD BOOK NUMBER | |
| Cancelled/invalid ISBN | 9781466853430 |
| 035 ## - SYSTEM CONTROL NUMBER | |
| System control number | (OCoLC)918994569 |
| 035 ## - SYSTEM CONTROL NUMBER | |
| System control number | (OCoLC)ocn918994569 |
| 035 ## - SYSTEM CONTROL NUMBER | |
| System control number | 3274341 |
| 035 ## - SYSTEM CONTROL NUMBER | |
| System control number | 3362381 |
| 040 ## - CATALOGING SOURCE | |
| Original cataloging agency | PABRO |
| Language of cataloging | eng |
| Transcribing agency | PABRO |
| Description conventions | rda |
| 041 1# - LANGUAGE CODE | |
| Language code of text/sound track or separate title | eng |
| Language code of original and/or intermediate translations of text | chi |
| 050 #4 - LIBRARY OF CONGRESS CALL NUMBER | |
| Classification number | PL2947.C59 |
| Item number | D37 2016 |
| 082 04 - DEWEY DECIMAL CLASSIFICATION NUMBER | |
| Classification number | 895.13/52 |
| Edition number | 23 |
| 092 ## - LOCALLY ASSIGNED DEWEY CALL NUMBER (OCLC) | |
| Classification number | F |
| 999 ## - SYSTEM CONTROL NUMBERS (KOHA) | |
| Koha Dewey Subclass [OBSOLETE] | F |
| 100 1# - MAIN ENTRY--PERSONAL NAME | |
| Personal name | Liu, Cixin, |
| Relator term | author. |
| 245 14 - TITLE STATEMENT | |
| Title | The dark forest / |
| Statement of responsibility, etc | Cixin Liu ; translated by Joel Martinsen. |
| 264 #1 - Production, Publication, Distribution, Manufacture, and Copyright Notice. | |
| Place of production, publication, distribution, manufacture | New York : |
| Name of producer, publisher, distributor, manufacturer | Tor, a Tom Doherty Associates Book, |
| Date of production, publication, distribution, manufacture, or copyr | 2016. |
| 300 ## - PHYSICAL DESCRIPTION | |
| Extent | 512 pages ; |
| Dimensions | 24 cm |
| 336 ## - Content Type | |
| Content type term | text |
| 337 ## - Media type | |
| Media type term | unmediated |
| 338 ## - Carrier type | |
| Carrier type term | volume |
| 650 #0 - SUBJECT ADDED ENTRY--TOPICAL TERM | |
| Topical term or geographic name as entry element | Human-alien encounters |
| Form subdivision | Fiction. |
| 9 (RLIN) | 5683189 |
| 650 #0 - SUBJECT ADDED ENTRY--TOPICAL TERM | |
| Topical term or geographic name as entry element | Imaginary wars and battles |
| Form subdivision | Fiction. |
| 9 (RLIN) | 5673973 |
| 650 #0 - SUBJECT ADDED ENTRY--TOPICAL TERM | |
| Topical term or geographic name as entry element | Extraterrestrial beings |
| Form subdivision | Fiction. |
| 9 (RLIN) | 5685958 |
| 650 #7 - SUBJECT ADDED ENTRY--TOPICAL TERM | |
| Topical term or geographic name as entry element | FICTION / Science Fiction / Alien Contact. |
| Source of heading or term | bisacsh |
| 9 (RLIN) | 5812667 |
| 650 #7 - SUBJECT ADDED ENTRY--TOPICAL TERM | |
| Topical term or geographic name as entry element | FICTION / World Literature / China / 21st Century. |
| Source of heading or term | bisacsh |
| 9 (RLIN) | 6462537 |
| 650 #7 - SUBJECT ADDED ENTRY--TOPICAL TERM | |
| Topical term or geographic name as entry element | FICTION / Science Fiction / Hard Science Fiction. |
| Source of heading or term | bisacsh |
| 655 #0 - INDEX TERM--GENRE/FORM | |
| Genre/form data or focus term | Science fiction. |
| 700 1# - ADDED ENTRY--PERSONAL NAME | |
| Personal name | Martinsen, Joel. |
| 9 (RLIN) | 6412806 |
| 910 ## - USER-OPTION DATA (OCLC) | |
| User-option data | BRO |
| 942 ## - ADDED ENTRY ELEMENTS (KOHA) | |
| Source of classification or shelving scheme | Dewey Decimal Classification |
| Koha item type | BOOK |
| 948 ## - LOCAL PROCESSING INFORMATION (OCLC); SERIES PART DESIGNATOR (RLIN) | |
| Series part designator, SPT (RLIN) | CHU |
| b (OCLC) | ADULT |
| p (OCLC) | X131728305 |
| h (OCLC) | F |
| f (OCLC) | 1 |
| r (OCLC) | 2 |
| g (OCLC) | 1 |
| 7 (OCLC) | 0 |
| u (OCLC) | 3 |
| w (OCLC) | 11 |
| s (OCLC) | 0 |
| o (OCLC) | CHU |
| 0 (OCLC) | $17.99 |
| y (OCLC) | 99 |
| c (OCLC) | 26 |
| j (OCLC) | Dewey Decimal |
| n (OCLC) | On-Order |
| e (OCLC) | 2055779-1 |
| Withdrawn status | Lost status | Source of classification or shelving scheme | Damaged status | Not for loan | Collection code | Home library | Current library | Shelving location | Date acquired | Source of acquisition | Serial Enumeration / chronology | Total Checkouts | Total Renewals | Full call number | Barcode | Date last seen | Date checked out | Cost, replacement price | Price effective from | Koha item type |
|---|---|---|---|---|---|---|---|---|---|---|---|---|---|---|---|---|---|---|---|---|
| Dewey Decimal Classification | Fiction | Wasatch County Library | Wasatch County Library | First Floor | 03/13/2025 | Donation | #2 Remembrance of Earth's Past | 3 | 4 | F Liu | 34301002111674 | 10/14/2025 | 08/28/2025 | 19.99 | 03/13/2025 | BOOK |
